000 00685cam a22002293a 4500
001 38704
003 PGUSA
005 20140828083843.0
008 120130s2012||||xxu|||||s|||||000 | eng d
040 _aPGUSA
_beng
042 _adc
050 4 _aPS
100 1 _aStowe, Harriet Beecher,
_d1811-1896
245 1 0 _aLa case de l'oncle Tom :
_bou vie des nègres en Amérique
_h[electronic resource] /
_cHarriet Beecher Stowe
260 _bProject Gutenberg,
_c2012
506 _aPublic domain in the USA.
516 _aElectronic text
700 1 _aÉnault, Louis,
_d1824-1900
830 0 _aProject Gutenberg
_v38704
856 4 0 _uhttp://www.gutenberg.org/ebooks/38704
942 _cEB
999 _c267958
_d267958